| 000 | 02132nam a22003617a 4500 | ||
|---|---|---|---|
| 005 | 2011080406576.0 | ||
| 008 | 090728t xxu||||| |||| 00| 0 pun d | ||
| 010 | _aPUN-6929 B-464895-899 | ||
| 020 |
_c325.00 _a9788171165681 |
||
| 035 | _aPN-6047 B-464895-899 | ||
| 037 | _bDBAD / PUB | ||
| 037 | _bBPPD/Allied Publishers | ||
| 040 |
_adpl _bpn |
||
| 082 | _aਓ | ||
| 100 |
_924414 _aਅਮਰਜੀਤ ਸਿੰਘ |
||
| 245 |
_aਚਲ ਖੁਸਰੋ ਘਰ ਆਪਣੇ / _cਅਮਰਜੀਤ ਸਿੰਘ |
||
| 246 |
_aCha lKhusro Ghar Aapney _bby Amarjit Singh |
||
| 260 |
_aDelhi _bNational Book Shop _c2011 |
||
| 270 |
_aPleasure Garden Market, Chandni chowk _bDelhi _e110 006 _k011-23264342 |
||
| 300 | 4 |
_a206 ਸਫੇ _c22ਸੇਮੀ (ਸਜਿਲੱਦ) |
|
| 600 | _931401 | ||
| 650 | _924412 | ||
| 650 | _924431 | ||
| 700 | _931690 | ||
| 942 |
_2ddc _cPN _hਓ _mਅਮਰ |
||
| 999 |
_c55030 _d55030 |
||